[Event "ODJM A 2024"]
[Site "Willingen GER"]
[Date "2024.05.23"]
[Round "7"]
[White "Gold, Jan Christian"]
[Black "Werner, Florin"]
[Result "1-0"]
[Termination "normal"]
[Board "19"]
[WhiteElo "1969"]
[BlackElo "1893"]
[WhiteClock "00:11:35"]
[BlackClock "00:38:35"]
[PlyCount "111"]
[WhiteFideId "16298128"]
[BlackFideId "16250230"]
[EventCountry "GER"]
[EventRounds "9"]
[EventType "swiss"]
[EventDate "2024.05.18"]

1. d4 {[%clk 01:30:25]} {[%emt 00:00:51]} d5 {[%clk 01:30:30]} {[%emt
00:00:30]} 2. c4 {[%clk 01:30:49]} {[%emt 00:00:04]} c6 {[%clk 01:30:30]}
{[%emt 00:00:14]} 3. Nf3 {[%clk 01:31:10]} {[%emt 00:00:06]} Nf6 {[%clk
01:30:30]} {[%emt 00:00:31]} 4. cxd5 {[%clk 01:31:30]} {[%emt 00:00:10]} cxd5
{[%clk 01:30:30]} {[%emt 00:00:32]} 5. Nc3 {[%clk 01:31:45]} {[%emt 00:00:15]}
Nc6 {[%clk 01:29:53]} {[%emt 00:01:08]} 6. Bf4 {[%clk 01:32:01]} {[%emt
00:00:15]} a6 {[%clk 01:25:26]} {[%emt 00:04:57]} 7. Rc1 {[%clk 01:32:10]}
{[%emt 00:00:20]} Bf5 {[%clk 01:24:51]} {[%emt 00:01:06]} 8. e3 {[%clk
01:32:20]} {[%emt 00:00:20]} e6 {[%clk 01:24:52]} {[%emt 00:00:29]} 9. Qb3
{[%clk 01:31:45]} {[%emt 00:00:56]} Qd7 {[%clk 01:22:12]} {[%emt 00:03:18]} 10.
Be2 {[%clk 01:31:32]} {[%emt 00:00:43]} Be7 {[%clk 01:20:35]} {[%emt 00:02:07]}
11. O-O {[%clk 01:31:36]} {[%emt 00:00:24]} O-O {[%clk 01:20:22]} {[%emt
00:00:43]} 12. Na4 {[%clk 01:31:30]} {[%emt 00:00:39]} Na5 {[%clk 01:18:42]}
{[%emt 00:02:10]} 13. Qd1 {[%clk 01:31:46]} {[%emt 00:00:13]} Bd8 {[%clk
01:17:55]} {[%emt 00:01:17]} 14. Ne5 {[%clk 01:29:50]} {[%emt 00:02:26]} Qe8
{[%clk 01:15:54]} {[%emt 00:02:32]} 15. Nc5 {[%clk 01:26:12]} {[%emt 00:04:03]}
b5 {[%clk 01:06:17]} {[%emt 00:10:12]} 16. Bf3 {[%clk 01:06:08]} {[%emt
00:20:33]} Bb6 {[%clk 00:59:38]} {[%emt 00:07:10]} 17. b4 {[%clk 01:03:27]}
{[%emt 00:03:10]} Nc4 {[%clk 00:58:18]} {[%emt 00:01:50]} 18. Nxc4 bxc4 {[%clk
00:54:55]} 19. Bd6 {[%clk 01:03:42]} {[%emt 00:00:18]} Qb5 {[%clk 00:53:44]}
{[%emt 00:01:40]} 20. Bxf8 {[%clk 01:01:19]} {[%emt 00:02:51]} Rxf8 {[%clk
00:54:14]} {[%emt 00:00:03]} 21. g4 {[%clk 00:36:30]} {[%emt 00:25:19]} Bg6
{[%clk 00:50:29]} {[%emt 00:04:15]} 22. Qa4 {[%clk 00:35:29]} {[%emt 00:01:31]}
Bxc5 {[%clk 00:49:34]} {[%emt 00:01:25]} 23. Qxb5 {[%clk 00:35:50]} {[%emt
00:00:07]} axb5 {[%clk 00:50:03]} {[%emt 00:00:03]} 24. dxc5 {[%clk 00:36:19]}
Ra8 {[%clk 00:49:52]} {[%emt 00:00:40]} 25. a4 {[%clk 00:34:20]} {[%emt
00:02:30]} bxa4 {[%clk 00:48:22]} {[%emt 00:01:18]} 26. Rfd1 {[%clk 00:23:18]}
{[%emt 00:12:13]} Rb8 {[%clk 00:44:55]} {[%emt 00:03:57]} 27. c6 {[%clk
00:21:26]} {[%emt 00:02:22]} Bd3 {[%clk 00:39:56]} {[%emt 00:05:30]} 28. b5
{[%clk 00:17:51]} {[%emt 00:04:05]} Ne8 {[%clk 00:38:10]} {[%emt 00:02:15]} 29.
Rxd3 {[%clk 00:09:08]} {[%emt 00:09:13]} cxd3 {[%clk 00:35:40]} {[%emt
00:03:00]} 30. c7 {[%clk 00:09:34]} {[%emt 00:00:03]} d2 {[%clk 00:35:14]}
{[%emt 00:00:56]} 31. c8=Q {[%clk 00:09:21]} {[%emt 00:00:44]} dxc1=Q+ {[%clk
00:34:52]} {[%emt 00:00:52]} 32. Qxc1 {[%clk 00:09:39]} {[%emt 00:00:12]} Rxb5
{[%clk 00:35:20]} {[%emt 00:00:02]} 33. Qc6 {[%clk 00:09:41]} {[%emt 00:00:28]}
Rb1+ {[%clk 00:35:13]} {[%emt 00:00:38]} 34. Kg2 {[%clk 00:10:09]} {[%emt
00:00:01]} Kf8 {[%clk 00:35:29]} {[%emt 00:00:14]} 35. Qxa4 {[%clk 00:10:33]}
{[%emt 00:00:06]} g6 {[%clk 00:35:38]} {[%emt 00:00:21]} 36. g5 {[%clk
00:10:33]} {[%emt 00:00:30]} Nd6 {[%clk 00:35:55]} {[%emt 00:00:13]} 37. Qc2
{[%clk 00:09:30]} {[%emt 00:01:33]} Rb5 {[%clk 00:35:42]} {[%emt 00:00:44]} 38.
Be2 {[%clk 00:09:43]} {[%emt 00:00:16]} Rb7 {[%clk 00:35:48]} {[%emt 00:00:24]}
39. Qc5 {[%clk 00:09:57]} {[%emt 00:00:16]} Ke7 {[%clk 00:35:59]} {[%emt
00:00:19]} 40. Ba6 {[%clk 00:10:26]} {[%emt 00:00:01]} Rd7 {[%clk 00:36:21]}
{[%emt 00:00:08]} 41. Bc8 {[%clk 00:10:27]} {[%emt 00:00:28]} Rd8 {[%clk
00:36:46]} {[%emt 00:00:05]} 42. Qc7+ {[%clk 00:10:48]} {[%emt 00:00:10]} Ke8
{[%clk 00:37:07]} {[%emt 00:00:09]} 43. Bb7 {[%clk 00:10:25]} {[%emt 00:00:53]}
Nxb7 {[%clk 00:37:01]} {[%emt 00:00:37]} 44. Qxb7 {[%clk 00:10:54]} {[%emt
00:00:01]} Rd7 {[%clk 00:37:16]} {[%emt 00:00:14]} 45. Qb8+ {[%clk 00:11:13]}
{[%emt 00:00:11]} Rd8 {[%clk 00:37:09]} {[%emt 00:00:37]} 46. Qe5 {[%clk
00:11:41]} {[%emt 00:00:01]} d4 {[%clk 00:37:16]} {[%emt 00:00:24]} 47. exd4
{[%clk 00:11:46]} {[%emt 00:00:25]} Rd5 {[%clk 00:37:42]} {[%emt 00:00:04]} 48.
Qh8+ {[%clk 00:11:21]} {[%emt 00:00:54]} Ke7 {[%clk 00:38:09]} {[%emt
00:00:04]} 49. f4 {[%clk 00:11:29]} {[%emt 00:00:22]} Rf5 {[%clk 00:38:35]}
{[%emt 00:00:04]} 50. Kg3 {[%clk 00:11:48]} {[%emt 00:00:10]} Rd5 {[%clk
00:39:02]} {[%emt 00:00:05]} 51. h4 {[%clk 00:12:03]} {[%emt 00:00:14]} Rd7
{[%clk 00:38:45]} {[%emt 00:00:39]} 52. Kf3 {[%clk 00:12:20]} {[%emt 00:00:20]}
Rd5 {[%clk 00:38:48]} {[%emt 00:00:28]} 53. Ke4 {[%clk 00:12:49]} h5 {[%clk
00:38:56]} {[%emt 00:00:22]} 54. gxh6 {[%clk 00:12:31]} {[%emt 00:00:48]} Ra5
{[%clk 00:39:20]} {[%emt 00:00:06]} 55. Qg7 {[%clk 00:12:26]} {[%emt 00:00:35]}
g5 {[%clk 00:38:35]} {[%emt 00:01:15]} 56. Qxg5+ {[%clk 00:11:35]} {[%emt
00:01:21]} 1-0

[Event "ODJM A 2024"]
[Site "Willingen GER"]
[Date "2024.05.23"]
[Round "7"]
[White "Longo, Massimo"]
[Black "Brandl, Lea Maria"]
[Result "1-0"]
[Termination "normal"]
[Board "20"]
[WhiteElo "1945"]
[BlackElo "1920"]
[WhiteClock "00:05:14"]
[BlackClock "00:01:55"]
[PlyCount "157"]
[WhiteFideId "16205227"]
[BlackFideId "24693049"]
[EventCountry "GER"]
[EventRounds "9"]
[EventType "swiss"]
[EventDate "2024.05.18"]

1. d4 {[%clk 01:30:58]} Nf6 {[%clk 01:30:54]} {[%emt 00:00:09]} 2. c4 {[%clk
01:31:22]} {[%emt 00:00:19]} g6 {[%clk 01:31:19]} {[%emt 00:00:10]} 3. f3
{[%clk 01:31:48]} {[%emt 00:00:04]} d5 {[%clk 01:31:04]} {[%emt 00:00:42]} 4.
cxd5 {[%clk 01:32:11]} {[%emt 00:00:03]} Nxd5 {[%clk 01:31:03]} {[%emt
00:00:18]} 5. e4 {[%clk 01:32:36]} {[%emt 00:00:04]} Nb6 {[%clk 01:30:44]}
{[%emt 00:00:49]} 6. Nc3 {[%clk 01:32:08]} {[%emt 00:00:58]} Bg7 {[%clk
01:30:21]} {[%emt 00:00:53]} 7. Be3 {[%clk 01:32:33]} {[%emt 00:00:06]} O-O
{[%clk 01:28:49]} {[%emt 00:02:01]} 8. Qd2 {[%clk 01:29:36]} {[%emt 00:03:26]}
Re8 {[%clk 01:21:31]} {[%emt 00:07:49]} 9. h4 {[%clk 01:26:46]} {[%emt
00:03:20]} e5 {[%clk 01:17:31]} {[%emt 00:04:30]} 10. d5 {[%clk 01:26:39]}
{[%emt 00:00:37]} c6 {[%clk 01:14:37]} {[%emt 00:03:24]} 11. O-O-O {[%clk
01:25:06]} {[%emt 00:02:03]} cxd5 {[%clk 01:10:24]} {[%emt 00:04:44]} 12. exd5
{[%clk 01:25:17]} {[%emt 00:00:18]} f6 {[%clk 00:55:01]} {[%emt 00:15:52]} 13.
g4 {[%clk 01:14:04]} {[%emt 00:11:42]} Na6 {[%clk 00:47:08]} {[%emt 00:08:25]}
14. g5 {[%clk 01:03:43]} {[%emt 00:10:50]} f5 {[%clk 00:46:25]} {[%emt
00:01:14]} 15. f4 {[%clk 01:02:01]} {[%emt 00:02:12]} exf4 {[%clk 00:36:35]}
{[%emt 00:10:19]} 16. Bd4 {[%clk 00:56:21]} {[%emt 00:06:10]} Bxd4 {[%clk
00:34:30]} {[%emt 00:02:36]} 17. Qxd4 {[%clk 00:55:05]} {[%emt 00:01:46]} Qe7
{[%clk 00:34:49]} {[%emt 00:00:12]} 18. Qxf4 {[%clk 00:37:35]} {[%emt
00:18:00]} Qe3+ {[%clk 00:33:29]} {[%emt 00:01:49]} 19. Qxe3 {[%clk 00:37:55]}
{[%emt 00:00:10]} Rxe3 {[%clk 00:33:54]} {[%emt 00:00:04]} 20. Nh3 {[%clk
00:31:44]} {[%emt 00:06:41]} Bd7 {[%clk 00:32:32]} {[%emt 00:01:53]} 21. Nf4
{[%clk 00:30:34]} {[%emt 00:01:40]} Rc8 {[%clk 00:31:12]} {[%emt 00:01:50]} 22.
Bxa6 {[%clk 00:25:41]} {[%emt 00:05:23]} bxa6 {[%clk 00:31:35]} {[%emt
00:00:07]} 23. Rhe1 {[%clk 00:23:52]} {[%emt 00:02:18]} Rce8 {[%clk 00:29:31]}
{[%emt 00:02:35]} 24. Rxe3 {[%clk 00:22:29]} {[%emt 00:01:54]} Rxe3 {[%clk
00:29:56]} {[%emt 00:00:04]} 25. d6 {[%clk 00:21:08]} {[%emt 00:01:51]} Kf7
{[%clk 00:21:02]} {[%emt 00:09:23]} 26. Nfd5 {[%clk 00:18:47]} {[%emt
00:02:51]} Rh3 {[%clk 00:14:30]} {[%emt 00:07:02]} 27. Rd4 {[%clk 00:17:50]}
{[%emt 00:01:27]} Nxd5 {[%clk 00:12:41]} {[%emt 00:02:20]} 28. Nxd5 {[%clk
00:17:37]} {[%emt 00:00:43]} Ke6 {[%clk 00:11:27]} {[%emt 00:01:44]} 29. Nf6
{[%clk 00:14:30]} {[%emt 00:03:36]} Ke5 {[%clk 00:10:11]} {[%emt 00:01:47]} 30.
Rd1 {[%clk 00:09:09]} {[%emt 00:05:50]} Bc6 {[%clk 00:05:42]} {[%emt 00:04:59]}
31. d7 {[%clk 00:09:11]} {[%emt 00:00:29]} Bxd7 {[%clk 00:06:09]} {[%emt
00:00:03]} 32. Nxd7+ {[%clk 00:06:05]} {[%emt 00:03:35]} Kf4 {[%clk 00:05:39]}
{[%emt 00:01:00]} 33. Rd4+ {[%clk 00:05:00]} {[%emt 00:01:36]} Ke3 {[%clk
00:04:33]} {[%emt 00:01:37]} 34. Rc4 {[%clk 00:04:37]} {[%emt 00:00:51]} Rh1+
{[%clk 00:04:43]} {[%emt 00:00:21]} 35. Kc2 {[%clk 00:04:59]} {[%emt 00:00:07]}
Rh2+ {[%clk 00:04:07]} {[%emt 00:01:06]} 36. Kc1 {[%clk 00:03:36]} {[%emt
00:01:53]} Rh1+ {[%clk 00:04:22]} {[%emt 00:00:16]} 37. Kc2 {[%clk 00:04:03]}
{[%emt 00:00:04]} Rh2+ {[%clk 00:04:47]} {[%emt 00:00:04]} 38. Kc3 {[%clk
00:03:59]} {[%emt 00:00:33]} f4 {[%clk 00:04:59]} {[%emt 00:00:18]} 39. Rc8
{[%clk 00:04:09]} {[%emt 00:00:20]} f3 {[%clk 00:04:24]} {[%emt 00:01:06]} 40.
Re8 {[%clk 00:04:31]} {[%emt 00:00:08]} Kf2 {[%clk 00:03:11]} {[%emt 00:01:42]}
41. Ne5 {[%clk 00:14:21]} {[%emt 00:20:40]} Rxh4 {[%clk 00:28:16]} {[%emt
00:05:26]} 42. Rf8 {[%clk 00:09:03]} {[%emt 00:05:48]} Rh3 {[%clk 00:28:06]}
{[%emt 00:00:40]} 43. Kd2 {[%clk 00:07:52]} {[%emt 00:01:41]} Kg2 {[%clk
00:27:36]} {[%emt 00:01:00]} 44. Nd3 {[%clk 00:07:18]} {[%emt 00:01:03]} Rg3
{[%clk 00:24:44]} {[%emt 00:03:22]} 45. Ne1 {[%clk 00:06:06]} {[%emt 00:01:42]}
Kf2 {[%clk 00:24:54]} {[%emt 00:00:21]} 46. b4 {[%clk 00:05:25]} {[%emt
00:01:10]} Rxg5 {[%clk 00:23:58]} {[%emt 00:01:26]} 47. Rxf3 {[%clk 00:04:07]}
{[%emt 00:01:47]} Kg1 {[%clk 00:24:23]} {[%emt 00:00:06]} 48. Rh3 {[%clk
00:03:54]} {[%emt 00:00:43]} Rd5+ {[%clk 00:24:42]} {[%emt 00:00:11]} 49. Nd3
{[%clk 00:04:10]} {[%emt 00:00:13]} Rd7 {[%clk 00:24:10]} {[%emt 00:01:03]} 50.
Ke3 {[%clk 00:04:20]} {[%emt 00:00:21]} Re7+ {[%clk 00:19:49]} {[%emt
00:04:50]} 51. Kf3 {[%clk 00:04:26]} {[%emt 00:00:24]} Rf7+ {[%clk 00:18:43]}
{[%emt 00:01:37]} 52. Nf4 {[%clk 00:04:11]} {[%emt 00:00:44]} Rf5 {[%clk
00:17:07]} {[%emt 00:02:07]} 53. Ke4 {[%clk 00:04:11]} {[%emt 00:00:29]} Rf7
{[%clk 00:16:13]} {[%emt 00:01:24]} 54. Ne6 {[%clk 00:04:04]} {[%emt 00:00:37]}
Kg2 {[%clk 00:13:54]} {[%emt 00:02:49]} 55. Rh6 {[%clk 00:04:29]} {[%emt
00:00:06]} Rb7 {[%clk 00:11:51]} {[%emt 00:02:32]} 56. a3 {[%clk 00:03:14]}
{[%emt 00:01:45]} Rb5 {[%clk 00:08:40]} {[%emt 00:03:42]} 57. Rxh7 {[%clk
00:02:54]} {[%emt 00:00:50]} a5 {[%clk 00:08:55]} {[%emt 00:00:15]} 58. Nd4
{[%clk 00:03:14]} {[%emt 00:00:10]} Rb6 {[%clk 00:06:23]} {[%emt 00:03:02]} 59.
b5 {[%clk 00:03:08]} {[%emt 00:00:35]} a6 {[%clk 00:06:22]} {[%emt 00:00:31]}
60. a4 {[%clk 00:03:31]} {[%emt 00:00:07]} axb5 {[%clk 00:06:36]} {[%emt
00:00:16]} 61. axb5 {[%clk 00:03:54]} {[%emt 00:00:07]} Kg3 {[%clk 00:05:40]}
{[%emt 00:01:27]} 62. Ra7 {[%clk 00:03:14]} {[%emt 00:01:10]} g5 {[%clk
00:04:22]} {[%emt 00:01:47]} 63. Rxa5 {[%clk 00:02:59]} {[%emt 00:00:46]} g4
{[%clk 00:04:08]} {[%emt 00:00:44]} 64. Ra3+ {[%clk 00:02:45]} {[%emt
00:00:44]} Kh4 {[%clk 00:03:15]} {[%emt 00:01:23]} 65. Kf4 {[%clk 00:02:53]}
{[%emt 00:00:21]} Rf6+ {[%clk 00:03:04]} {[%emt 00:00:42]} 66. Nf5 {[%clk
00:03:17]} {[%emt 00:00:05]} Kh5 {[%clk 00:03:18]} {[%emt 00:00:17]} 67. Ke5
{[%clk 00:03:11]} {[%emt 00:00:35]} Rb6 {[%clk 00:03:23]} {[%emt 00:00:25]} 68.
Rb3 {[%clk 00:03:16]} {[%emt 00:00:24]} Kg5 {[%clk 00:03:29]} {[%emt 00:00:25]}
69. Ng3 {[%clk 00:03:21]} {[%emt 00:00:25]} Kh4 {[%clk 00:03:38]} {[%emt
00:00:21]} 70. Ne4 {[%clk 00:03:45]} {[%emt 00:00:06]} Kh5 {[%clk 00:03:17]}
{[%emt 00:00:52]} 71. Kd5 {[%clk 00:04:09]} {[%emt 00:00:05]} Rb8 {[%clk
00:01:34]} {[%emt 00:02:13]} 72. b6 {[%clk 00:04:25]} {[%emt 00:00:14]} Rd8+
{[%clk 00:01:02]} {[%emt 00:01:02]} 73. Ke5 {[%clk 00:04:46]} {[%emt 00:00:09]}
Re8+ {[%clk 00:01:20]} {[%emt 00:00:12]} 74. Kf5 {[%clk 00:05:00]} {[%emt
00:00:16]} Rf8+ {[%clk 00:01:07]} {[%emt 00:00:43]} 75. Nf6 {[%clk 00:05:24]}
{[%emt 00:00:06]} Kh4 {[%clk 00:01:06]} {[%emt 00:00:32]} 76. b7 {[%clk
00:04:29]} {[%emt 00:01:25]} g3 {[%clk 00:01:20]} {[%emt 00:00:16]} 77. b8=Q
{[%clk 00:04:53]} {[%emt 00:00:06]} Rxb8 {[%clk 00:01:38]} {[%emt 00:00:12]}
78. Rxb8 {[%clk 00:05:14]} {[%emt 00:00:09]} g2 {[%clk 00:01:55]} {[%emt
00:00:12]} 79. Ne4 {[%clk 00:05:14]} {[%emt 00:00:30]} 1-0

[Event "ODJM A 2024"]
[Site "Willingen GER"]
[Date "2024.05.23"]
[Round "7"]
[White "Astner, Sebastian"]
[Black "Schulz, Tim"]
[Result "0-1"]
[Termination "normal"]
[Board "21"]
[WhiteElo "1930"]
[BlackElo "1850"]
[WhiteClock "00:06:17"]
[BlackClock "00:21:42"]
[PlyCount "52"]
[WhiteFideId "12979422"]
[BlackFideId "34629165"]
[EventCountry "GER"]
[EventRounds "9"]
[EventType "swiss"]
[EventDate "2024.05.18"]

1. d4 {[%clk 01:30:59]} d5 {[%clk 01:30:55]} {[%emt 00:00:06]} 2. Nc3 {[%clk
01:31:26]} {[%emt 00:00:08]} Nf6 {[%clk 01:31:17]} {[%emt 00:00:15]} 3. Bf4
{[%clk 01:31:53]} {[%emt 00:00:10]} a6 {[%clk 01:30:50]} {[%emt 00:00:48]} 4.
e3 {[%clk 01:32:13]} {[%emt 00:00:08]} b5 {[%clk 01:30:03]} {[%emt 00:01:06]}
5. h4 {[%clk 01:28:50]} {[%emt 00:03:55]} h6 {[%clk 01:27:27]} {[%emt
00:03:05]} 6. Nf3 {[%clk 01:27:47]} {[%emt 00:01:33]} e6 {[%clk 01:23:24]}
{[%emt 00:04:32]} 7. Ne5 {[%clk 01:26:32]} {[%emt 00:01:47]} Bb7 {[%clk
01:21:17]} {[%emt 00:02:36]} 8. g4 {[%clk 01:24:05]} {[%emt 00:02:57]} c5
{[%clk 01:07:24]} {[%emt 00:14:22]} 9. Qf3 {[%clk 01:19:48]} {[%emt 00:04:48]}
Nbd7 {[%clk 01:00:07]} {[%emt 00:07:47]} 10. Bh3 {[%clk 01:13:44]} {[%emt
00:06:34]} Nxe5 {[%clk 00:56:56]} {[%emt 00:03:40]} 11. Bxe5 {[%clk 01:13:33]}
{[%emt 00:00:42]} Nd7 {[%clk 00:56:34]} {[%emt 00:00:52]} 12. Bf4 {[%clk
01:12:35]} {[%emt 00:01:28]} Rc8 {[%clk 00:52:45]} {[%emt 00:04:19]} 13. O-O-O
{[%clk 01:08:34]} {[%emt 00:04:31]} b4 {[%clk 00:50:19]} {[%emt 00:02:56]} 14.
Ne2 {[%clk 01:06:34]} {[%emt 00:02:30]} Qa5 {[%clk 00:47:24]} {[%emt 00:03:25]}
15. g5 {[%clk 00:29:32]} {[%emt 00:37:32]} Qxa2 {[%clk 00:43:10]} {[%emt
00:04:43]} 16. g6 {[%clk 00:20:54]} {[%emt 00:09:09]} f5 {[%clk 00:37:34]}
{[%emt 00:06:05]} 17. Kd2 {[%clk 00:18:37]} {[%emt 00:02:48]} b3 {[%clk
00:33:27]} {[%emt 00:04:36]} 18. Nc1 {[%clk 00:17:17]} {[%emt 00:01:50]} Qxb2
{[%clk 00:29:18]} {[%emt 00:04:38]} 19. Nxb3 {[%clk 00:17:20]} {[%emt
00:00:29]} cxd4 {[%clk 00:26:44]} {[%emt 00:03:04]} 20. Nxd4 {[%clk 00:15:34]}
{[%emt 00:02:16]} a5 {[%clk 00:24:37]} {[%emt 00:02:35]} 21. Ke1 {[%clk
00:06:43]} {[%emt 00:09:23]} Ba6 {[%clk 00:24:05]} {[%emt 00:01:01]} 22. c4
{[%clk 00:07:06]} {[%emt 00:00:07]} Bxc4 {[%clk 00:23:35]} {[%emt 00:01:00]}
23. Ne2 {[%clk 00:07:34]} {[%emt 00:00:03]} Bb3 {[%clk 00:21:32]} {[%emt
00:02:32]} 24. Rc1 {[%clk 00:05:19]} {[%emt 00:02:46]} Rxc1+ {[%clk 00:21:26]}
{[%emt 00:00:36]} 25. Nxc1 {[%clk 00:05:48]} {[%emt 00:00:01]} Qxc1+ {[%clk
00:21:42]} {[%emt 00:00:14]} 26. Ke2 {[%clk 00:06:17]} {[%emt 00:00:01]} Bc4#
{[%emt 00:00:13]} 0-1

[Event "ODJM A 2024"]
[Site "Willingen GER"]
[Date "2024.05.23"]
[Round "7"]
[White "Tulchynsky, David"]
[Black "Frohnhäuser, Simon"]
[Result "1-0"]
[Termination "normal"]
[Board "22"]
[WhiteElo "1854"]
[BlackElo "1985"]
[WhiteClock "00:32:24"]
[BlackClock "00:14:55"]
[PlyCount "112"]
[WhiteFideId "16289560"]
[BlackFideId "16208528"]
[EventCountry "GER"]
[EventRounds "9"]
[EventType "swiss"]
[EventDate "2024.05.18"]

1. e4 {[%clk 01:30:58]} {[%emt 00:00:03]} c5 {[%clk 01:30:57]} {[%emt
00:00:05]} 2. d4 {[%clk 01:31:24]} {[%emt 00:00:08]} cxd4 {[%clk 01:31:21]}
{[%emt 00:00:15]} 3. c3 {[%clk 01:31:52]} {[%emt 00:00:03]} Nf6 {[%clk
01:31:43]} {[%emt 00:00:11]} 4. e5 {[%clk 01:32:20]} {[%emt 00:00:02]} Nd5
{[%clk 01:32:08]} {[%emt 00:00:03]} 5. Nf3 {[%clk 01:32:47]} {[%emt 00:00:01]}
e6 {[%clk 01:32:31]} {[%emt 00:00:08]} 6. cxd4 {[%clk 01:33:14]} {[%emt
00:00:04]} d6 {[%clk 01:32:50]} {[%emt 00:00:09]} 7. Bc4 {[%clk 01:33:39]}
{[%emt 00:00:03]} Nb6 {[%clk 01:32:34]} {[%emt 00:00:33]} 8. Bg5 {[%clk
01:30:06]} {[%emt 00:04:03]} Qc7 {[%clk 01:32:44]} {[%emt 00:00:21]} 9. Bb3
{[%clk 01:30:27]} {[%emt 00:00:07]} dxe5 {[%clk 01:31:35]} {[%emt 00:01:41]}
10. dxe5 {[%clk 01:30:29]} {[%emt 00:00:29]} Bd7 {[%clk 01:30:49]} {[%emt
00:01:15]} 11. O-O {[%clk 01:27:34]} {[%emt 00:03:24]} Bc6 {[%clk 01:31:10]}
{[%emt 00:00:09]} 12. Nbd2 {[%clk 01:23:33]} {[%emt 00:04:31]} N8d7 {[%clk
01:31:09]} {[%emt 00:00:31]} 13. Qe2 {[%clk 01:23:11]} {[%emt 00:00:52]} a5
{[%clk 01:27:37]} {[%emt 00:04:02]} 14. Rac1 {[%clk 01:17:47]} {[%emt
00:05:55]} a4 {[%clk 01:27:51]} {[%emt 00:00:16]} 15. Bc2 {[%clk 01:17:27]}
{[%emt 00:00:49]} Ra5 {[%clk 01:19:01]} {[%emt 00:09:20]} 16. Rfe1 {[%clk
01:11:35]} {[%emt 00:06:22]} a3 {[%clk 00:41:06]} {[%emt 00:38:26]} 17. b3
{[%clk 01:04:34]} {[%emt 00:07:30]} Bb4 {[%clk 00:40:16]} {[%emt 00:01:20]} 18.
Bb1 {[%clk 00:59:56]} {[%emt 00:05:08]} Qb8 {[%clk 00:35:51]} {[%emt 00:04:55]}
19. Bf4 {[%clk 00:50:34]} {[%emt 00:09:52]} Nd5 {[%clk 00:32:26]} {[%emt
00:03:55]} 20. Bg3 {[%clk 00:45:06]} {[%emt 00:05:58]} Nc3 {[%clk 00:27:59]}
{[%emt 00:04:57]} 21. Qc4 {[%clk 00:45:00]} {[%emt 00:00:36]} Nd5 {[%clk
00:27:37]} {[%emt 00:00:52]} 22. Qg4 {[%clk 00:40:21]} {[%emt 00:05:09]} g6
{[%clk 00:28:00]} {[%emt 00:00:07]} 23. Red1 {[%clk 00:28:07]} {[%emt
00:12:44]} h5 {[%clk 00:25:11]} {[%emt 00:03:19]} 24. Qd4 {[%clk 00:24:33]}
{[%emt 00:04:02]} Bc5 {[%clk 00:20:59]} {[%emt 00:04:43]} 25. Qd3 {[%clk
00:22:40]} {[%emt 00:02:23]} Nb4 {[%clk 00:18:02]} {[%emt 00:03:27]} 26. Qc3
{[%clk 00:22:57]} {[%emt 00:00:13]} Nb6 {[%clk 00:17:34]} {[%emt 00:00:59]} 27.
Nc4 {[%clk 00:18:55]} {[%emt 00:04:31]} Nxc4 {[%clk 00:17:57]} {[%emt
00:00:07]} 28. bxc4 {[%clk 00:19:21]} {[%emt 00:00:04]} Ba4 {[%clk 00:15:29]}
{[%emt 00:02:58]} 29. Rd2 {[%clk 00:09:22]} {[%emt 00:10:29]} Nc6 {[%clk
00:15:54]} {[%emt 00:00:05]} 30. Be4 {[%clk 00:09:37]} {[%emt 00:00:16]} Ra8
{[%clk 00:13:40]} {[%emt 00:02:43]} 31. Qd3 {[%clk 00:05:46]} {[%emt 00:04:22]}
Qc7 {[%clk 00:13:29]} {[%emt 00:00:41]} 32. Bh4 {[%clk 00:06:10]} {[%emt
00:00:06]} Ne7 {[%clk 00:13:12]} {[%emt 00:00:47]} 33. Bf6 {[%clk 00:06:07]}
{[%emt 00:00:33]} Rg8 {[%clk 00:10:08]} {[%emt 00:03:33]} 34. Rb1 {[%clk
00:06:01]} {[%emt 00:00:36]} Bc6 {[%clk 00:08:08]} {[%emt 00:02:30]} 35. Ng5
{[%clk 00:06:18]} {[%emt 00:00:13]} Rd8 {[%clk 00:04:12]} {[%emt 00:04:26]} 36.
Bxc6+ {[%clk 00:05:17]} {[%emt 00:01:32]} bxc6 {[%clk 00:04:41]} {[%emt
00:00:01]} 37. Qxd8+ {[%clk 00:05:13]} {[%emt 00:00:34]} Qxd8 {[%clk 00:05:10]}
{[%emt 00:00:01]} 38. Rxd8+ {[%clk 00:05:36]} {[%emt 00:00:06]} Kxd8 {[%clk
00:05:25]} 39. Nxf7+ {[%clk 00:04:48]} {[%emt 00:01:34]} Kc7 {[%clk 00:05:50]}
{[%emt 00:00:04]} 40. Nd6 {[%clk 00:05:12]} {[%emt 00:00:06]} Bxd6 {[%clk
00:02:17]} {[%emt 00:04:03]} 41. exd6+ {[%clk 00:05:37]} {[%emt 00:00:05]} Kxd6
{[%clk 00:02:46]} {[%emt 00:00:02]} 42. c5+ {[%clk 00:05:25]} {[%emt 00:00:41]}
Kxc5 {[%clk 00:02:32]} {[%emt 00:00:45]} 43. Bxe7+ {[%clk 00:05:52]} {[%emt
00:00:03]} Kc4 {[%clk 00:02:59]} {[%emt 00:00:03]} 44. Bxa3 {[%clk 00:06:15]}
{[%emt 00:00:07]} Ra8 {[%clk 00:03:22]} {[%emt 00:00:06]} 45. Rb3 {[%clk
00:05:42]} {[%emt 00:01:03]} Rd8 {[%clk 00:02:52]} {[%emt 00:00:59]} 46. Kf1
{[%clk 00:05:50]} {[%emt 00:00:23]} Rd2 {[%clk 00:03:03]} {[%emt 00:00:19]} 47.
Rb2 {[%clk 00:06:03]} {[%emt 00:00:17]} Rd3 {[%clk 00:01:25]} {[%emt 00:02:08]}
48. Bb4 {[%clk 00:06:26]} {[%emt 00:00:07]} c5 {[%clk 00:01:12]} {[%emt
00:00:43]} 49. Ke2 {[%clk 00:04:18]} {[%emt 00:02:39]} Rd5 {[%clk 00:30:22]}
{[%emt 00:01:19]} 50. Bd2 {[%clk 00:34:42]} {[%emt 00:00:06]} Re5+ {[%clk
00:30:46]} {[%emt 00:00:07]} 51. Kd1 {[%clk 00:34:00]} {[%emt 00:01:11]} Kd3
{[%clk 00:28:48]} {[%emt 00:02:28]} 52. Rb3+ {[%clk 00:33:57]} {[%emt
00:00:34]} Kc4 {[%clk 00:28:48]} {[%emt 00:00:30]} 53. Be3 {[%clk 00:32:59]}
{[%emt 00:01:27]} Re4 {[%clk 00:14:34]} {[%emt 00:14:44]} 54. Kc2 {[%clk
00:32:03]} {[%emt 00:01:26]} Rg4 {[%clk 00:14:59]} {[%emt 00:00:05]} 55. g3
{[%clk 00:32:23]} {[%emt 00:00:09]} h4 {[%clk 00:14:55]} {[%emt 00:00:35]} 56.
f3 {[%clk 00:32:24]} {[%emt 00:00:29]} Kd5 {[%emt 00:00:50]} 1-0